Statistics for Flags by Category

Click here to take the quiz!

General Stats

  • This quiz has been taken 35 times
  • The average score is 77 of 96

Answer Stats

QuestionTileSelect% Correct
are red, white, and blueCanadaNo
100%
are red, white, and blueItalyNo
100%
are red, white, and blueJapanNo
100%
are red, white, and blueUnited KingdomYes
100%
are red, white, and blueUnited StatesYes
100%
use the nordic crossCanadaNo
97%
use the nordic crossDenmarkYes
97%
use the nordic crossEgyptNo
97%
use the nordic crossEstoniaNo
97%
use the nordic crossFinlandYes
97%
are red, white, and blueFranceYes
97%
use the nordic crossGermanyNo
97%
use the nordic crossJapanNo
97%
use the nordic crossNorwayYes
97%
are red, white, and blueRomaniaNo
97%
are red, white, and blueRussiaYes
97%
use the nordic crossRussiaNo
97%
are red, white, and blueSouth AfricaNo
97%
use the nordic crossIcelandYes
94%
use the nordic crossSwedenYes
94%
use the nordic crossUnited KingdomNo
94%
are red, white, and blueAustraliaYes
91%
have a crescent and starAlbaniaNo
88%
have a crescent and starSaudi ArabiaNo
88%
have a crescent and starYemenNo
88%
use orangeBrazilNo
85%
are red and yellowChinaYes
85%
are red and yellowCubaNo
85%
are red and yellowIndiaNo
85%
are red and yellowMexicoNo
85%
are red and yellowSouth KoreaNo
85%
have a crescent and starTurkeyYes
85%
use orangeBangladeshNo
82%
include the Union JackBelizeNo
82%
are red and yellowBrazilNo
82%
include the Union JackCanadaNo
82%
use orangeGermanyNo
82%
include writingGreeceNo
82%
use orangeIndiaYes
82%
include the Union JackIndiaNo
82%
use orangeIranNo
82%
have a crescent and starIraqNo
82%
use orangeIrelandYes
82%
use orangeItalyNo
82%
include writingKenyaNo
82%
include the Union JackKenyaNo
82%
use orangeMongoliaNo
82%
include the Union JackNew ZealandYes
82%
are red, white, and blueNorth KoreaYes
82%
have a crescent and starPakistanYes
82%
include the Union JackPalauNo
82%
include writingPortugalNo
82%
have a crescent and starSyriaNo
82%
are red and yellowTanzaniaNo
82%
have a crescent and starTunisiaYes
82%
include writingTurkeyNo
82%
include the Union JackUnited KingdomYes
82%
are red and yellowVietnamYes
82%
depict the Southern CrossArgentinaNo
79%
include the Union JackAustraliaYes
79%
have a crescent and starAzerbaijanYes
79%
are red and yellowD. R. CongoNo
79%
include the Union JackFijiYes
79%
depict the Southern CrossMadagascarNo
79%
have a crescent and starMoroccoNo
79%
include writingSaudi ArabiaYes
79%
depict the Southern CrossSingaporeNo
79%
include the Union JackSouth AfricaNo
79%
have a crescent and starAlgeriaYes
76%
depict the Southern CrossIndonesiaNo
76%
are red and yellowNorth MacedoniaYes
76%
depict the Southern CrossSri LankaNo
76%
include the Union JackUnited StatesNo
76%
include writingAzerbaijanNo
74%
include writingBrazilYes
74%
use orangeCôte d'IvoireYes
74%
are red and yellowMongoliaNo
74%
depict the Southern CrossKiribatiNo
71%
depict the Southern CrossNew ZealandYes
71%
use orangeNigerYes
71%
depict the Southern CrossAustraliaYes
68%
are red, white, and blueTaiwanYes
68%
include the Union JackTuvaluYes
68%
are red and yellowKyrgyzstanYes
65%
have a crescent and starLibyaYes
65%
use orangeSri LankaYes
65%
use orangeArmeniaYes
59%
depict the Southern CrossSamoaYes
59%
depict the Southern CrossTongaNo
56%
include writingIraqYes
53%
include writingGuatemalaYes
50%
include writingMexicoNo
50%
include writingIranYes
47%
depict the Southern CrossPapua New GuineaYes
47%
include writingNicaraguaYes
35%
depict the Southern CrossBrazilYes
29%

Score Distribution

Percentile by Number Answered

Percent of People with Each Score

Your Score History

You have not taken this quiz